000 nam a22 7a 4500
999 _c126890
_d126890
008 170904b xxu||||| |||| 00| 0 eng d
050 _aPQ2349.A2 1903
100 _aMaupassant, Guy de
_919582
245 _aThe complete short stories of Guy de Maupassant:
_bten volumes in one
_c/ Guy de Maupassant
260 _aNew York
_bP.F. Collier and Son Corporation
_c1903
300 _a1001p. ;
_c20cm.
942 _2lcc
_cMONOGRAPH